005850000a2200073000450024500620000030000480006252003520011077300490046210aCompetencia Comunicativa: condición para el aprendizaje aVol.0, núm.13 (Diciembre, 2009), Pág. 8 aEn las discusiones académicas a veces se olvida el importante rol que cumple el discurso oral en la producción, intercambio y el desarrollo del conocimiento. Estas tres habilidades y formas de saber: escritura, lectura y oralidad, forman el conjunto de la competencia genérica en comunicaión, en lengua materna y otra lengua internacional.0 tEducación superior : Boletín informativo